Las Formas modernas de la barbarie /
Gespeichert in:
| 1. Verfasser: | |
|---|---|
| Format: | Text |
| Schlagworte: | |
| Tags: |
Tag hinzufügen
Keine Tags, Fügen Sie den ersten Tag hinzu!
|
MARC
| LEADER | 00000 a a2200000 04500 | ||
|---|---|---|---|
| 001 | 9644 | ||
| 003 | |||
| 040 | |||
| 100 | |a Löwy, Michael | ||
| 245 | |a Las Formas modernas de la barbarie / |c Michael Löwy | ||
| 650 | |a CIVILIZACION | ||
| 650 | |a GENOCIDIO | ||
| 650 | |a TOTALITARISMO | ||
| 650 | |a INDUSTRIALIZACION | ||
| 650 | |a GUERRA | ||
| 773 | |g volumen 7, número 28; páginas 38-46 | ||
| 999 | |c 33323 |d 33323 | ||
